000
00272nam a2200097Ia 4500
008
220204s9999 xx 000 0 und d
082
_a
631.4
_b
SOI
245
0
_a
Soil testing: Correlating and interpreting the analytical results.
260
_a
Madison
_b
ASA
_c
1977
942
_c
BK
999
_c
35438
_d
35438